| 000 | 00367cam a22001097a 4500 | ||
|---|---|---|---|
| 008 | 180718b1979 xxu||||| |||| 00| 0 eng d | ||
| 082 | _aD45 So12f | ||
| 245 |
_aFinal declaration: VI conference of heads of state or government of non-aligned countries _cedited by De Ciencias Sociales |
||
| 260 |
_aCuba _bHavana _c1979 |
||
| 300 | _a340p. | ||
| 700 | _aSociales,De Ciencias | ||
| 999 |
_c503862 _d503862 |
||